Close - Nick Jonas ft. Tove Lo (All Lyrics) - Statistics

General Stats
  • This quiz has been taken 354 times
    353 since last reset
  • The average score is 267 of 370
Answer Stats
Answer % Correct
close,
97%
close
97%
close.
97%
Close,
97%
I
95%
so
94%
a
93%
you
92%
you,
92%
to
90%
Oh
89%
oh
89%
Oh,
89%
oh.
89%
ooh.
89%
want
83%
get
82%
just
81%
afraid
76%
space.
76%
space
76%
up
75%
word
74%
is
73%
too
73%
by
72%
made
72%
someone
72%
me.
70%
who's
69%
Cause
68%
in.
68%
I'm
67%
the
67%
Your
67%
your
67%
no.
66%
and
65%
be
65%
for
63%
babe.
61%
if
61%
damn,
60%
damn.
60%
know,
60%
know
60%
on
60%
my
54%
won't,
54%
won't
54%
backwards,
53%
body.
51%
going
51%
that,
51%
that
51%
you're
51%
Ain't
50%
ain't
50%
enough,
50%
ask
49%
But
49%
but
49%
it's
49%
man,
49%
man.
49%
was
49%
don't
47%
not
47%
with
46%
lips,
45%
perplexed
45%
speechless.
44%
am
43%
one
43%
They
43%
they
43%
now,
41%
now
41%
shocking.
41%
almost
40%
ever
40%
off
40%
being
38%
locked
38%
breath,
37%
really
37%
thinking.
37%
all
36%
feeling.
35%
mind,
35%
scared.
35%
words
35%
keep
34%
known
34%
like
34%
right
34%
roll
34%
tongue
34%
heart,
32%
what
32%
soul,
31%
careful.
30%
cool
30%
Saying
29%
somehow
29%
things
29%
guess
28%
smiling.
26%
into
25%
keeping
25%
while
24%
proof
18%
No matching quizzes found
Score Distribution
Percent of People with Each Score
Percentile by Number Answered
Your Score History
You have not taken this quiz since the last reset